Представление документа в формате RUSMARC

ПолеНазваниеЗначение
  Тип записи a
  Библиографический уровень m
001 Контрольный номер RU/SLIB/B/208745574
005 Дата корректировки 20260129142704.8
010 Индекс ISBN __
d Цена 3-00
101 Язык документа 0_
a Язык текста rus
200 Заглавие и сведения об ответственности 1_
a Заглавие Страны и народы
e Сведения, относящиеся к заглавию науч.-попул. географ.-этнограф. изд. : в 20 т.
b Общее обозначение материала Текст
i Наименование части Южная Америка
210 Выходные данные 1_
a Место издания М.
c Издательство Мысль
d Дата издания 1983
215 Физическое описание __
a Объем 285 с.
c Иллюстрации/тип воспроизводства ил., карт.
606 Тематические рубрики __
a Основная рубрика География
y Географическая подрубрика Южная Америка
606 Тематические рубрики __
a Основная рубрика Страноведение
610 Ключевые слова 0_
a Ключевые слова американцы; американское общество; народные традиции; страны; государства; зарубежные страны; страноведческая информация; страноведческая литература; страноведческие материалы; географическое описание
686 Индексы других классификаций __
a Классификационный индекс 26.89(0)
686 Индексы других классификаций __
a Классификационный индекс 26.89(7); ст26.89(0) + ст26.89(7)
801 Источник записи _0
a Страна RU
b Организация Муниципальное бюджетное учреждение культуры "Централизованная библиотечная система" г. Сургут (Центральная городская библиотека им. А. С. Пушкина)
g Правила каталогизации КиК/Михайлова
801 Источник записи _1
a Страна RU
b Организация Муниципальное бюджетное учреждение культуры "Централизованная библиотечная система" г. Сургут (Центральная городская библиотека им. А. С. Пушкина)
g Правила каталогизации КиК/Михайлова
852 Данные о местонахождении __
j Шифр хранения 26.89(0)
c Каталожный индекс 26.89(0); 26.89(7)
i Авторский знак С 83
p Инвентарный номер 15703
901 Тип документа __
t Тип документа m
990 Данные о заказе (DOS) __
j Количество экземпляров (DOS) 4
t N записи в КСУ для И/У (DOS) 199101